000 00438nam a2200181Ia 4500
001 7933
005 20260306160532.0
008 260306t2017||||xx |||||||||||||| ||spa||
041 _aESP
082 _a364
_bH41
100 _aHerrero Herrero, César
_eAUT
245 0 _aCriminología:
_b(parte general y especial)
260 _c2017
300 _a904 páginas :
_c24 cm.
650 _aGEN
654 _aCPS
942 _cLIB
_dJUS
_fJUS
_2ddc
_n
999 _c7933
_d7933